| 000 | 00831nam a2200277 4500 | ||
|---|---|---|---|
| 001 | 3132398 | ||
| 003 | OSt | ||
| 005 | 20230619113047.0 | ||
| 008 | 721110s1972 pau b 001 0 eng | ||
| 010 | _a 72003986 | ||
| 020 | _a0397009178 | ||
| 040 |
_aDLC _cDLC _dDLC |
||
| 082 | 0 | 0 |
_a301.31 _bLOR |
| 100 | 1 | _aLoraine, John Alexander. | |
| 245 | 1 | 4 |
_aThe death of tomorrow _c[by] John A. Loraine in association with R. D. E. Rumsey. With a foreword by the Duke of Edinburgh. |
| 260 |
_aPhiladelphia, _bLippincott _c[1972] |
||
| 300 |
_a376 p. _c23 cm. |
||
| 350 | _a$8.95 | ||
| 504 | _aIncludes bibliographies. | ||
| 650 | 0 |
_aPollution _xEconomic aspects. |
|
| 650 | 0 | _aNatural resources. | |
| 650 | 0 | _aPopulation. | |
| 700 | 1 | _aRumsey, R. D. E. | |
| 906 |
_a7 _bcbc _corignew _d2 _eocip _f19 _gy-gencatlg |
||
| 942 |
_2ddc _cBK |
||
| 999 |
_c1243 _d1243 |
||